|
|
|
|
| LEADER |
01557nam a2200337 a 4500 |
| 001 |
31657 |
| 003 |
BD-DhAAL |
| 005 |
20220113120309.0 |
| 008 |
030709s2003 nyuac be 001 0 eng |
| 999 |
|
|
|c 37985
|d 37985
|
| 020 |
|
|
|a 0824707524 (print : alk. paper)
|
| 020 |
|
|
|a 0824706080 (online)
|
| 040 |
|
|
|a NLM
|c NLM
|d IWA
|d DLC
|d BD-DhAAL
|
| 082 |
0 |
0 |
|a 615.03
|2 22
|
| 245 |
0 |
0 |
|a Encyclopedia of clinical pharmacy /
|c edited by Joseph T. DiPiro.
|
| 260 |
|
|
|a New York :
|b M. Dekker,
|c c2003.
|
| 300 |
|
|
|a x, 933 pages :
|b illustrations, port. ;
|c 28 cm.
|
| 500 |
|
|
|a Published in partnership with the American College of Clinical Pharmacy and the American Society of Health-System Pharmacists.
|
| 504 |
|
|
|a Includes bibliographical references and index.
|
| 526 |
|
|
|a PHR
|
| 541 |
|
|
|e 31657, 31658
|
| 650 |
|
0 |
|a Pharmacy
|v Encyclopedias.
|9 21110
|
| 650 |
1 |
2 |
|a Pharmacy
|v Encyclopedias
|x English.
|9 21111
|
| 650 |
1 |
2 |
|a Pharmacy.
|9 43070
|
| 700 |
1 |
|
|a DiPiro, Joseph T.
|9 21112
|
| 710 |
2 |
|
|a American College of Clinical Pharmacy.
|9 21113
|
| 710 |
2 |
|
|a American Society of Health-System Pharmacists.
|9 21114
|
| 852 |
|
|
|a Ayesha Abed Library
|c General Shelf
|
| 942 |
|
|
|2 ddc
|c BK
|
| 952 |
|
|
|0 0
|1 0
|2 ddc
|4 0
|6 615_030000000000000_ENC
|7 1
|8 REF
|9 60102
|a BRACUL
|b BRACUL
|c GEN
|d 2017-03-19
|e Trim Education
|g 22571.00
|l 0
|o 615.03 ENC
|p 3010031657
|r 2017-03-21
|t 1
|v 22571.00
|w 2017-03-19
|y BK
|
| 952 |
|
|
|0 0
|1 0
|2 ddc
|4 0
|6 615_030000000000000_ENC
|7 1
|8 REF
|9 60103
|a BRACUL
|b BRACUL
|c GEN
|d 2017-03-19
|e Trim Education
|g 22571.00
|l 0
|o 615.03 ENC
|p 3010031658
|r 2017-03-21
|t 2
|v 22571.00
|w 2017-03-19
|y BK
|